000 00503nam a2200205Ia 4500
005 20250425161734.0
008 250425s9999 xx 000 0 und d
020 _a9978841989
041 _aspa
082 _a986.6
100 _aGRIJALVA JIMENEZ, AGUSTIN
245 0 _aDATOS BASICOS DE LA REALIDAD NACIONAL
250 _a1A ED.
260 _aEcuador
_bCORPORACION EDITORA NACIONAL
_c1994
260 _aQUITO
300 _a224
650 _aECUADOR-HISTORIA
942 _c01
010 _a27013
999 _c215116
_d215116